[Event "ICS rated standard match"]
[Site "204.178.125.65"]
[Date "1999.12.20"]
[Round "?"]
[White "Hossa"]
[Black "gambitmaster"]
[Result "0-1"]
[WhiteElo "2273"]
[BlackElo "2456"]
[PlyCount "134"]

1. d4 Nf6 2. c4 g6 3. Nc3 d5 4. Bf4 Bg7 5. e3 c5 6. Nf3 O-O 7. dxc5 Qa5 8. Be5
dxc4 9. Bd4 Nc6 10. Bxc4 Bg4 11. Bxf6 Bxf6 12. Qb3 Bxf3 13. gxf3 Ne5 14. O-O-O
Nxc4 15. Qxc4 Bxc3 16. bxc3 Rac8 17. Rd5 Rc7 18. Kb1 e6 19. Re5 Rfc8 20. Qb4
Qa6 21. Qd4 Qb5+ 22. Ka1 Qe2 23. Rg1 Qxf2 24. Rd1 Qxf3 25. Kb2 Qe2+ 26. Rd2 Qa6
27. Qf4 b6 28. Qf6 Rxc5 29. Rxc5 bxc5 30. Ka1 Qb7 31. Rd1 Rb8 32. Qf2 a5 33.
Qc2 f6 34. Rb1 Qxb1+ 35. Qxb1 Rxb1+ 36. Kxb1 h5 37. Kb2 g5 38. Kc2 f5 39. Kd3
Kf7 40. Kc4 e5 41. Kd5 e4 42. Ke5 Kg6 43. Kd5 h4 44. Kxc5 g4 45. Kb6 f4 46.
exf4 e3 47. Kb7 g3 48. hxg3 hxg3 49. c4 e2 50. Kc6 e1=Q 51. c5 Kf5 52. a3 Qe7
53. Kb5 Qxc5+ 54. Kxc5 g2 55. Kb5 Kxf4 56. a4 Ke4 57. Kc5 Ke5 58. Kc4 Ke4 59.
Kc5 Kf5 60. Kb6 Ke5 61. Kxa5 g1=Q 62. Kb4 Kd4 63. Kb5 Qg6 64. a5 Qd6 65. a6
Qc5+ 66. Ka4 Kc4 67. a7 Qb4# 0-1

[Event "ICS rated blitz match"]
[Site "204.178.125.65"]
[Date "1999.12.20"]
[Round "?"]
[White "Ianov"]
[Black "Hossa"]
[Result "0-1"]
[WhiteElo "2148"]
[BlackElo "2442"]
[PlyCount "36"]

1. e4 e5 2. Nf3 Nf6 3. d4 Nxe4 4. Bd3 d5 5. Nxe5 Nd7 6. Nxd7 Bxd7 7. O-O Qh4 8.
c4 O-O-O 9. c5 g5 10. Nd2 Nxd2 11. Bxd2 Bg7 12. Be3 Rde8 13. b4 h5 14. a4 Rhf8
15. b5 f5 16. Bc2 f4 17. g3 Qh3 18. Bc1 f3 0-1

[Event "ICS rated bullet match"]
[Site "204.178.125.65"]
[Date "1999.12.20"]
[Round "?"]
[White "Hossa"]
[Black "bizarre"]
[Result "0-1"]
[WhiteElo "2535"]
[BlackElo "2149"]
[PlyCount "144"]

1. d4 e6 2. e4 f5 3. exf5 exf5 4. Qe2+ Qe7 5. Nc3 Nf6 6. Be3 d5 7. O-O-O c6 8.
Re1 Qf7 9. Nf3 Be7 10. Ne5 Qe6 11. Bg5 O-O 12. Ng6 Qxe2 13. Rxe2 hxg6 14. Rxe7
Rf7 15. Rxf7 Kxf7 16. Bxf6 gxf6 17. h4 Be6 18. h5 g5 19. Bd3 Nd7 20. Re1 Rh8
21. g4 fxg4 22. Bg6+ Ke7 23. Ne2 Kd6 24. Ng3 Nf8 25. Bf5 b6 26. Bxe6 Nxe6 27.
Nf5+ Kd7 28. h6 Rh7 29. Kd2 Nf4 30. Re3 Ng6 31. Ra3 a5 32. Ne3 Rxh6 33. Nxg4
Rh4 34. f3 Ke6 35. Re3+ Kf7 36. b3 Ne7 37. Re1 Nf5 38. c3 Nd6 39. Kd3 Rh3 40.
Ke3 Nf5+ 41. Kf2 Nh4 42. Re3 f5 43. Ne5+ Kf6 44. a3 f4 45. Re2 c5 46. b4 cxb4
47. cxb4 axb4 48. axb4 Rh2+ 49. Ke1 Rxe2+ 50. Kxe2 Ke6 51. Kd2 Nf5 52. Kd3 Ne3
53. b5 Kf5 54. Kd2 Nc4+ 55. Nxc4 dxc4 56. Ke1 Ke6 57. Kd2 Kd5 58. Kc3 g4 59.
fxg4 f3 60. Kd2 Kxd4 61. g5 c3+ 62. Kd1 f2 63. Ke2 c2 64. Kxf2 c1=Q 65. g6 Qg5
66. g7 Qxg7 67. Kf3 Qg5 68. Kf2 Qg4 69. Ke1 Ke3 70. Kf1 Qe2+ 71. Kg1 Kf3 72.
Kh1 Qg2# 0-1

[Event "ICS rated blitz match"]
[Site "204.178.125.65"]
[Date "1999.12.20"]
[Round "?"]
[White "PostModernist"]
[Black "Hossa"]
[Result "1-0"]
[WhiteElo "2464"]
[BlackElo "2447"]
[PlyCount "83"]

1. d4 Nf6 2. c4 e6 3. Nc3 Bb4 4. Qc2 O-O 5. a3 Bxc3+ 6. Qxc3 b6 7. Bg5 c5 8.
dxc5 bxc5 9. e3 Nc6 10. Bd3 Rb8 11. Nf3 Ba6 12. O-O-O Rb7 13. Qc2 h6 14. Bh7+
Kh8 15. Be4 hxg5 16. Bxc6 Rb6 17. Ba4 Qe7 18. Nxg5 d6 19. b3 d5 20. cxd5 exd5
21. Rxd5 c4 22. b4 Kg8 23. Rhd1 Qb7 24. g3 Qb8 25. f4 Rc8 26. R5d4 Rf8 27. h4
Rc8 28. e4 Nh7 29. e5 Rh6 30. Bd7 Rf8 31. e6 Nxg5 32. hxg5 Rxe6 33. Bxe6 fxe6
34. Rh1 Qb6 35. Qh7+ Kf7 36. g6+ Ke8 37. Qxg7 Qxd4 38. Qxd4 c3 39. Rd1 Bd3 40.
Rxd3 Ke7 41. Qg7+ Ke8 42. Qd7# 1-0

[Event "ICS rated blitz match"]
[Site "204.178.125.65"]
[Date "1999.12.20"]
[Round "?"]
[White "PostModernist"]
[Black "Hossa"]
[Result "1-0"]
[WhiteElo "2474"]
[BlackElo "2432"]
[PlyCount "93"]

1. e4 c5 2. Nf3 d6 3. d4 cxd4 4. Nxd4 Nf6 5. Nc3 a6 6. Be3 e5 7. Nb3 Be6 8. Qd2
Be7 9. f3 O-O 10. O-O-O b5 11. g4 b4 12. Nd5 Bxd5 13. exd5 a5 14. Kb1 a4 15.
Nc1 a3 16. Qxb4 axb2 17. Qxb2 Qa5 18. Bb5 Rc8 19. h4 Qc7 20. c4 Qb7 21. g5 Nh5
22. Nd3 Ng3 23. Rh3 Nf5 24. f4 e4 25. Nb4 Nxe3 26. Rxe3 f5 27. Bc6 Qa7 28. Rb3
Nxc6 29. Nxc6 Qd7 30. Rb7 Rc7 31. Rxc7 Qxc7 32. h5 Bf8 33. Rc1 Ra6 34. Rc3 Qf7
35. Rh3 Qc7 36. Rb3 Qf7 37. g6 hxg6 38. Rb7 Qe8 39. Rb8 Qxb8 40. Nxb8 Ra8 41.
hxg6 Be7 42. Qb7 Ra7 43. Qxa7 Kf8 44. Qa8 Ke8 45. Nc6+ Kd7 46. Qb7+ Ke8 47.
Qxe7# 1-0

[Event "ICS rated blitz match"]
[Site "204.178.125.65"]
[Date "1999.12.20"]
[Round "?"]
[White "Hossa"]
[Black "PostModernist"]
[Result "0-1"]
[WhiteElo "2418"]
[BlackElo "2488"]
[PlyCount "126"]

1. Nf3 Nf6 2. g3 g6 3. Bg2 Bg7 4. d4 O-O 5. c4 d5 6. cxd5 Nxd5 7. O-O Nb6 8.
Bf4 Nc6 9. e3 Nd5 10. Nbd2 Nxf4 11. gxf4 Rb8 12. Ng5 Bd7 13. Rc1 e6 14. Nb3 h6
15. Ne4 b6 16. Qc2 Rc8 17. Nf6+ Qxf6 18. Bxc6 Bxc6 19. Qxc6 Qh4 20. f3 a5 21.
Rf2 Rfd8 22. Rg2 Bf8 23. Rg4 Qf6 24. Rc4 Bb4 25. Qb7 Bd6 26. Nd2 Rb8 27. Qc6
Qg7 28. Rc2 b5 29. Rg3 a4 30. Ne4 Rb6 31. Qc3 b4 32. Qc4 b3 33. axb3 Rxb3 34.
Re2 Rdb8 35. Qxa4 Rxb2 36. Rxb2 Rxb2 37. Qa8+ Qf8 38. Nf6+ Kg7 39. Ne8+ Kg8 40.
Rg4 Re2 41. e4 Rd2 42. e5 Be7 43. Qc6 h5 44. Rg3 Bh4 45. Qa4 c5 46. Rh3 Rxd4
47. Qc6 Be7 48. Rg3 c4 49. Rh3 Rxf4 50. Qd7 c3 51. Nd6 Qb8 52. Kf1 c2 53. Qc6
Qb1+ 54. Kf2 Bxd6 55. exd6 c1=Q 56. Qxc1 Qxc1 57. d7 Rd4 58. Rxh5 Rd2+ 59. Kg3
Qg1+ 60. Kf4 gxh5 61. d8=Q+ Rxd8 62. h3 Rd4+ 63. Ke5 Qg7# 0-1

[Event "ICS rated bullet match"]
[Site "204.178.125.65"]
[Date "1999.12.20"]
[Round "?"]
[White "PostModernist"]
[Black "Hossa"]
[Result "1-0"]
[WhiteElo "2423"]
[BlackElo "2506"]
[PlyCount "97"]

1. c4 e5 2. Nc3 d6 3. g3 Nc6 4. Bg2 Nf6 5. d3 Be7 6. Nf3 Bg4 7. O-O Qd7 8. Be3
O-O 9. Ng5 h6 10. Nge4 Nxe4 11. Bxe4 Bh3 12. Re1 Bg5 13. Bxg5 hxg5 14. e3 Bg4
15. Bxc6 bxc6 16. f3 Bh3 17. d4 Rab8 18. b3 Qf5 19. g4 Qe6 20. Ne4 Rfe8 21.
dxe5 dxe5 22. Nxg5 Qh6 23. Ne4 Red8 24. Qe2 Qh4 25. Qf2 Qh8 26. Qg3 Rd6 27.
Nxd6 cxd6 28. c5 f6 29. cxd6 g6 30. Rac1 Rc8 31. d7 Rf8 32. Rxc6 Qh7 33. Rd1
Rd8 34. Rc8 Qe7 35. Qxh3 Kg7 36. Rc7 a5 37. Rc8 Qf8 38. Rdc1 g5 39. Qh5 Qa3 40.
Rd1 Qf8 41. Rxd8 Qxd8 42. Qe8 Qb6 43. d8=N Qxe3+ 44. Kg2 Qe2+ 45. Kg3 Qe1+ 46.
Rxe1 Kh7 47. Qe7+ Kg8 48. Ne6 f5 49. Qg7# 1-0

[Event "ICS rated blitz match"]
[Site "204.178.125.65"]
[Date "1999.12.20"]
[Round "?"]
[White "flaoli"]
[Black "Hossa"]
[Result "0-1"]
[WhiteElo "2117"]
[BlackElo "2405"]
[PlyCount "90"]

1. e4 c5 2. Nf3 Nc6 3. Bb5 e6 4. Bxc6 bxc6 5. O-O Ba6 6. d3 c4 7. dxc4 Bxc4 8.
Re1 d6 9. Nc3 e5 10. Bg5 Nf6 11. Qd2 h6 12. Bxf6 gxf6 13. Rad1 Be6 14. b3 Rg8
15. Kh1 h5 16. Ne2 Qb6 17. Ng3 Bg4 18. Qe3 d5 19. exd5 Bc5 20. Qe4 Bxf2 21. Rf1
Bxg3 22. hxg3 cxd5 23. Qxd5 Rd8 24. Qxd8+ Qxd8 25. Rxd8+ Kxd8 26. Nd2 Ke7 27.
Ne4 f5 28. Nc5 e4 29. Re1 Rc8 30. b4 Rd8 31. Nb3 Rb8 32. a3 Rd8 33. Kg1 Bd1 34.
Na1 Rd2 35. c3 Ba4 36. Rc1 Ra2 37. c4 Rxa3 38. c5 Rxg3 39. c6 Kd8 40. c7+ Kc8
41. Kf2 Rd3 42. Ke2 Rd7 43. Rc5 Bd1+ 44. Ke3 Bg4 45. Nb3 Rd3+ 0-1

[Event "ICS rated bullet match"]
[Site "204.178.125.65"]
[Date "1999.12.20"]
[Round "?"]
[White "Hossa"]
[Black "i-tjing"]
[Result "1-0"]
[WhiteElo "2486"]
[BlackElo "2141"]
[PlyCount "63"]
[EventDate "1999.??.??"]

1. e4 e6 2. d4 d5 3. Nc3 Bb4 4. e5 b6 5. Qg4 Bf8 6. Bg5 Qd7 7. Nf3 Ba6 8. Bxa6
Nxa6 9. O-O Ne7 10. Bxe7 Qxe7 11. a3 c5 12. Nb5 Qd7 13. Nd6+ Bxd6 14. Qxg7
O-O-O 15. exd6 Rhg8 16. Qf6 Qxd6 17. Qxf7 Rdf8 18. Qxa7 Nc7 19. dxc5 bxc5 20.
Ne1 e5 21. Nd3 Ne6 22. b4 e4 23. Nxc5 Nf4 24. g3 Nh3+ 25. Kg2 Nf4+ 26. Kh1 Rg6
27. gxf4 Rxf4 28. Qxh7 Rfg4 29. Rg1 Rxg1+ 30. Rxg1 Rxg1+ 31. Kxg1 d4 32. Qxe4
1-0

[Event "ICS rated standard match"]
[Site "204.178.125.65"]
[Date "1999.12.20"]
[Round "?"]
[White "bookbuilder"]
[Black "Hossa"]
[Result "1-0"]
[WhiteElo "2608"]
[BlackElo "2265"]
[PlyCount "83"]

1. e4 c5 2. Nf3 Nc6 3. d4 cxd4 4. Nxd4 e5 5. Nb5 d6 6. Bg5 Nf6 7. Bc4 a6 8.
Bxf6 Qa5+ 9. N5c3 gxf6 10. O-O Rg8 11. Qh5 Rg7 12. Nd5 Qd8 13. Qh4 Rg6 14. f4
Be6 15. Bd3 Rh6 16. Qf2 f5 17. Nbc3 fxe4 18. Bxe4 Bg7 19. Nb6 Rb8 20. f5 Bc8
21. Ncd5 f6 22. Nxc8 Rxc8 23. Nb6 Rb8 24. Rad1 Qc7 25. Nd5 Qa5 26. c3 Rc8 27.
Nb6 Rd8 28. b4 Qa3 29. Bxc6+ bxc6 30. Qc2 d5 31. Nc4 dxc4 32. Rxd8+ Kxd8 33.
Qd2+ Kc7 34. Rd1 Kb6 35. Qd6 a5 36. Qb8+ Ka6 37. b5+ cxb5 38. Qc8+ Kb6 39. Qe6+
Qd6 40. Rxd6+ Kb7 41. Rd7+ Kc8 42. Qe8# 1-0

[Event "ICS rated blitz match"]
[Site "204.178.125.65"]
[Date "1999.12.20"]
[Round "?"]
[White "Hossa"]
[Black "PostModernist"]
[Result "1/2-1/2"]
[WhiteElo "2410"]
[BlackElo "2519"]
[PlyCount "219"]

1. e4 c5 2. Nf3 d6 3. d4 Nf6 4. Nc3 cxd4 5. Nxd4 Nc6 6. Bg5 e6 7. Bb5 Bd7 8.
O-O Be7 9. Qd3 O-O 10. Rfd1 Qb6 11. Nf3 a6 12. Ba4 Nb4 13. Qd2 Bxa4 14. Nxa4
Qb5 15. Nc3 Qb6 16. Bxf6 Bxf6 17. Qxd6 Qxd6 18. Rxd6 Bxc3 19. bxc3 Nxc2 20. Rc1
Na3 21. Rd7 b5 22. Ne5 Rac8 23. Ra7 Ra8 24. Rb7 f6 25. Nd7 Rfc8 26. f4 Nc4 27.
Nb6 Nxb6 28. Rxb6 e5 29. fxe5 fxe5 30. Re6 Rc5 31. Rf1 Rxc3 32. Rxe5 Rf8 33.
Rd5 Rxf1+ 34. Kxf1 Rc2 35. Rd8+ Kf7 36. Rd7+ Kf8 37. a3 Rc3 38. Kf2 Rxa3 39.
Rb7 h5 40. h4 Kg8 41. g3 Kh8 42. e5 Kh7 43. Rb6 Kg8 44. e6 Kf8 45. Rb7 Ra4 46.
Kf3 g6 47. Rf7+ Ke8 48. Rg7 Rg4 49. Ra7 Rc4 50. Rxa6 Ke7 51. Rb6 b4 52. Ke3
Rc3+ 53. Kf4 b3 54. g4 hxg4 55. Kxg4 Kf6 56. e7+ Kxe7 57. Rxg6 Rc4+ 58. Kf3 Rb4
59. Rg1 Rxh4 60. Rg7+ Kd6 61. Ke3 Rb4 62. Rg1 Kc5 63. Kd3 Rh4 64. Kc3 Rh3+ 65.
Kb2 Re3 66. Rc1+ Kb4 67. Kb1 Ka3 68. Rd1 Re2 69. Rf1 Rb2+ 70. Ka1 Rc2 71. Kb1
Rh2 72. Rg1 Rd2 73. Rh1 Rg2 74. Rf1 Re2 75. Rd1 Rb2+ 76. Ka1 Rf2 77. Kb1 Rf6
78. Re1 Rf2 79. Rd1 Kb4 80. Rd4+ Kc3 81. Rd1 Rb2+ 82. Kc1 Rh2 83. Kb1 Rf2 84.
Rc1+ Rc2 85. Rd1 Rg2 86. Rc1+ Kd3 87. Rd1+ Kc4 88. Re1 Ra2 89. Rc1+ Kd4 90.
Rd1+ Kc3 91. Rc1+ Kb4 92. Rd1 Re2 93. Rd4+ Kc3 94. Rd1 Rc2 95. Rc1 Rxc1+ 96.
Kxc1 Kd3 97. Kb2 Kc4 98. Kb1 Kd3 99. Kb2 Kc4 100. Kb1 Kb5 101. Kb2 Kb4 102. Kb1
Kc4 103. Kb2 Kb4 104. Kb1 Ka5 105. Kb2 Ka4 106. Kb1 Kb4 107. Kb2 Ka5 108. Kb1
Kb5 109. Kb2 Kb4 110. Kb1 1/2-1/2

[Event "ICS rated bullet match"]
[Site "204.178.125.65"]
[Date "1999.12.21"]
[Round "?"]
[White "Comet"]
[Black "Hossa"]
[Result "1-0"]
[WhiteElo "2238"]
[BlackElo "2490"]
[PlyCount "71"]

1. e4 c5 2. Nf3 d6 3. d4 Nf6 4. Nc3 cxd4 5. Nxd4 Nc6 6. Bg5 h6 7. Bxf6 gxf6 8.
Qd2 h5 9. Bb5 Bd7 10. O-O Bh6 11. Qd3 Rg8 12. Nf5 Bxf5 13. exf5 Bg5 14. Qh3 Bd2
15. Bxc6+ bxc6 16. Ne4 Qa5 17. Qxh5 d5 18. Ng3 Qa4 19. Rfd1 Ba5 20. Qe2 Rb8 21.
c3 Qh4 22. Rd4 Qg5 23. Re1 Bd8 24. b3 Rh8 25. c4 Rb4 26. h3 a6 27. Rd3 a5 28.
cxd5 cxd5 29. Rxd5 Rhh4 30. Rxd8+ Kxd8 31. Qxe7+ Kc8 32. Qc5+ Kb8 33. Re8+ Kb7
34. Re7+ Kb8 35. Qa7+ Kc8 36. Re8# 1-0

[Event "ICS rated blitz match"]
[Site "204.178.125.65"]
[Date "1999.12.21"]
[Round "?"]
[White "Bringer"]
[Black "Hossa"]
[Result "0-1"]
[WhiteElo "2409"]
[BlackElo "2415"]
[PlyCount "75"]

1. d4 Nf6 2. c4 g6 3. Nc3 Bg7 4. e4 d6 5. f4 O-O 6. Nf3 c5 7. d5 e6 8. dxe6
fxe6 9. Bd3 Nc6 10. O-O Nd4 11. Ng5 Ne8 12. Bd2 Nc7 13. Qg4 d5 14. exd5 Nf5 15.
Qh3 h6 16. Nxe6 Nxe6 17. dxe6 Bxe6 18. Qf3 Qd4+ 19. Rf2 Qd7 20. Kh1 Nh4 21. Qg3
Nf5 22. Bxf5 Bxf5 23. b3 Bd4 24. Re2 Bg4 25. Ree1 Bg7 26. Bc1 Rad8 27. Bb2 Bd4
28. Qh4 Rxf4 29. Qxh6 Qf7 30. Rab1 Rf8 31. h3 Bg7 32. Qg5 Qf5 33. Qe7 Bxh3 34.
Nd5 Bxg2+ 35. Kg1 Bxb2 36. Nxf4 Bd4+ 37. Re3 Be4 38. Qe6+ 0-1

[Event "ICS rated blitz match"]
[Site "204.178.125.65"]
[Date "1999.12.21"]
[Round "?"]
[White "Hossa"]
[Black "Bringer"]
[Result "1-0"]
[WhiteElo "2419"]
[BlackElo "2353"]
[PlyCount "94"]
[EventDate "1999.??.??"]

1. e4 e6 2. d4 d5 3. Nc3 Bb4 4. e5 c5 5. Bd2 Ne7 6. a3 Bxc3 7. Bxc3 b6 8. dxc5
bxc5 9. b4 Qc7 10. bxc5 Ba6 11. Bd3 Qxc5 12. Bb4 Qc7 13. Nf3 Nec6 14. O-O Nxe5
15. Nxe5 Qxe5 16. Re1 Qg5 17. c4 Nc6 18. cxd5 Bxd3 19. dxc6 O-O-O 20. Qf3 Bg6
21. Qe2 Bd3 22. Qb2 Bb5 23. Rac1 Rd5 24. Ba5 Rg8 25. a4 Ba6 26. Bc3 f6 27. Bd4
Qf4 28. Bxa7 Qc7 29. Be3 Rh5 30. h3 Rd5 31. Qb3 Rh8 32. Bc5 Qf7 33. Qb6 Bd3 34.
Qb4 Re8 35. Rc3 g5 36. Ra3 Qc7 37. Rxd3 Rxd3 38. Qb5 Rb3 39. Qa6+ Kb8 40. Rd1
Re7 41. Bd6 Qxd6 42. Rxd6 Rb1+ 43. Kh2 Kc7 44. Rd7+ Rxd7 45. cxd7 Kxd7 46. Qd3+
Ke8 47. Qxb1 g4 1-0

[Event "ICS rated blitz match"]
[Site "204.178.125.65"]
[Date "1999.12.21"]
[Round "?"]
[White "Bringer"]
[Black "Hossa"]
[Result "1-0"]
[WhiteElo "2311"]
[BlackElo "2423"]
[PlyCount "171"]

1. d4 Nf6 2. Nf3 c5 3. d5 e6 4. Nc3 exd5 5. Nxd5 Nc6 6. e4 Be7 7. Bd3 Nxd5 8.
exd5 Nb4 9. Be4 O-O 10. c3 Na6 11. Qc2 g6 12. O-O Re8 13. Bf4 d6 14. Rae1 Nc7
15. c4 b5 16. b3 bxc4 17. bxc4 Bg4 18. h3 Bxf3 19. Bxf3 Rb8 20. Rb1 Rxb1 21.
Rxb1 Bg5 22. Bg3 Bh4 23. Bf4 Bg5 24. Bg3 Bh4 25. Bh2 Qe7 26. g3 Bf6 27. Rb7
Qe1+ 28. Kg2 Qa5 29. g4 Be5 30. Bg1 Bg7 31. Qc1 Re1 32. Qf4 Be5 33. Qg5 f6 34.
Qh6 Bd4 35. Qh4 Ra1 36. Rb8+ Kg7 37. Rc8 Re1 38. g5 fxg5 39. Qxg5 Ne8 40. Rb8
Qxa2 41. Qh4 Qa6 42. Bh2 h6 43. Qf4 Re7 44. Qc1 Qa2 45. Bg3 a5 46. Ra8 a4 47.
Bd1 Kh7 48. Rxa4 Qb2 49. Qxb2 Bxb2 50. Ra6 Re1 51. Bb3 Bd4 52. Ra7+ Bg7 53. Rb7
Kg8 54. Bc2 Be5 55. Bxg6 Bxg3 56. fxg3 Kf8 57. Rd7 Ng7 58. Rxd6 Ra1 59. Rf6+
Kg8 60. Rc6 Ra8 61. Rxc5 Kf8 62. Rb5 Ra2+ 63. Kf3 Ra3+ 64. Kf4 Ra6 65. Rb8+ Ke7
66. Rb7+ Kf6 67. Bc2 Ra2 68. Be4 Ra4 69. Rb6+ Kf7 70. Bg6+ Kf8 71. Ke5 Ra8 72.
c5 h5 73. c6 Ne8 74. Bxh5 Kg7 75. Rb7+ Kh6 76. Bg4 Ra1 77. Bf5 Re1+ 78. Be4
Rxe4+ 79. Kxe4 Kg5 80. Ke5 Kg6 81. c7 Nxc7 82. Rxc7 Kg5 83. Rg7+ Kh5 84. Ke6
Kh6 85. Kf6 Kh5 86. Rh7# 1-0

[Event "ICS rated blitz match"]
[Site "204.178.125.65"]
[Date "1999.12.21"]
[Round "?"]
[White "Hossa"]
[Black "Rabbit-Basher"]
[Result "1/2-1/2"]
[WhiteElo "2415"]
[BlackElo "2137"]
[PlyCount "44"]

1. e4 c5 2. Nf3 d6 3. d4 cxd4 4. Nxd4 Nf6 5. Nc3 Nc6 6. Be3 e6 7. Bb5 Bd7 8.
Ba4 a6 9. Qd3 Ne5 10. Bxd7+ Nfxd7 11. Qe2 Qc7 12. O-O Be7 13. Rfd1 O-O 14. Rab1
b5 15. a4 b4 16. Na2 Rfb8 17. f4 Nc4 18. Bf2 Bf6 19. Be1 Qc5 20. Bf2 Qc7 21.
Be1 Qc5 22. Bf2 Qc7 1/2-1/2

[Event "ICS rated blitz match"]
[Site "204.178.125.65"]
[Date "1999.12.21"]
[Round "?"]
[White "Hossa"]
[Black "Rabbit-Basher"]
[Result "1-0"]
[WhiteElo "2410"]
[BlackElo "2142"]
[PlyCount "103"]

1. e4 c5 2. Nf3 d6 3. d4 cxd4 4. Nxd4 Nf6 5. Nc3 Nc6 6. Be3 e6 7. Bb5 Bd7 8.
Ba4 a6 9. Qd3 Ne5 10. Bxd7+ Nfxd7 11. Qe2 Qc7 12. O-O Be7 13. Rfd1 O-O 14. Rab1
Rfc8 15. Bf4 b5 16. Bxe5 Nxe5 17. Qh5 g6 18. Qh6 Bf8 19. Qg5 Bg7 20. Nce2 Rd8
21. Nf4 Re8 22. Qg3 Rac8 23. a3 Nc4 24. Nfe2 Qb7 25. Qd3 d5 26. exd5 Qxd5 27.
c3 Red8 28. Nf4 Qd6 29. Nde2 Qc7 30. Qc2 Qe5 31. a4 h5 32. Ra1 h4 33. b3 Nd6
34. axb5 axb5 35. Ra6 Ne4 36. Rxd8+ Rxd8 37. Nd3 Qf5 38. Nd4 Bxd4 39. cxd4 Nxf2
40. Qc7 Rxd4 41. Ra8+ Kh7 42. Qc8 Nh3+ 43. gxh3 Qg5+ 44. Kf1 Qf5+ 45. Nf2 Rd1+
46. Ke2 Rd2+ 47. Kxd2 Qxf2+ 48. Kc3 Qe3+ 49. Kb4 Qd4+ 50. Kxb5 Qd5+ 51. Ka4
Qe4+ 52. b4 1-0

[Event "ICS rated blitz match"]
[Site "204.178.125.65"]
[Date "1999.12.21"]
[Round "?"]
[White "Rabbit-Basher"]
[Black "Hossa"]
[Result "0-1"]
[WhiteElo "2136"]
[BlackElo "2416"]
[PlyCount "102"]

1. e4 c5 2. Nc3 Nc6 3. f4 g6 4. Nf3 Bg7 5. Bc4 e6 6. f5 gxf5 7. d3 Bxc3+ 8.
bxc3 Qa5 9. O-O b5 10. Bd5 exd5 11. exd5 Nce7 12. d6 Ng6 13. Qe2+ Kf8 14. c4
bxc4 15. dxc4 Qb6 16. Rd1 Rb8 17. Bd2 Nf6 18. Bh6+ Kg8 19. Nh4 f4 20. Nf5 Qb2
21. Re1 Ba6 22. h4 Qc3 23. h5 Bxc4 24. Qe7 Qd4+ 25. Nxd4 Nxe7 26. dxe7 Ne8 27.
Nf5 Be6 28. Nh4 f6 29. Rab1 Rxb1 30. Rxb1 Kf7 31. Rb7 a6 32. Bxf4 Kxe7 33. Ra7
Bc4 34. Nf5+ Ke6 35. Ne3 Be2 36. c4 Bxh5 37. Rxa6+ d6 38. Rb6 Rg8 39. Kf2 Bg6
40. a4 h5 41. g3 Rh8 42. a5 h4 43. gxh4 Rxh4 44. Kg3 Rh1 45. a6 Be4 46. Nd5
Bxd5 47. cxd5+ Kxd5 48. Rb7 Ra1 49. a7 f5 50. Bg5 Kc6 51. Rh7 Nc7 0-1

[Event "ICS rated blitz match"]
[Site "204.178.125.65"]
[Date "1999.12.21"]
[Round "?"]
[White "Hossa"]
[Black "Rabbit-Basher"]
[Result "1-0"]
[WhiteElo "2421"]
[BlackElo "2131"]
[PlyCount "99"]

1. e4 c5 2. Nf3 d6 3. d4 cxd4 4. Nxd4 Nf6 5. Nc3 Nc6 6. Be3 e6 7. Bb5 Bd7 8.
Ba4 a6 9. Qd3 Ne5 10. Bxd7+ Nfxd7 11. Qe2 Qc7 12. O-O Be7 13. Rfd1 O-O 14. Rab1
Rac8 15. Bf4 b5 16. Qe3 Rfe8 17. Qh3 Bf8 18. Nce2 g6 19. Bh6 Be7 20. f4 Nc6 21.
a3 Nxd4 22. Nxd4 Nc5 23. Qf3 Qb7 24. e5 Qxf3 25. gxf3 d5 26. Bg5 Na4 27. Kg2
Bxg5 28. fxg5 Rc7 29. h4 Rec8 30. Rd2 Nb6 31. f4 Nd7 32. h5 Nc5 33. Kf3 Ne4 34.
Rh2 Rc4 35. c3 Nxc3 36. bxc3 Rxc3+ 37. Kg4 R8c4 38. Rb3 Rxb3 39. Nxb3 Rc3 40.
Rb2 Kf8 41. h6 Ke7 42. Nd4 Rxa3 43. Nc6+ Kd7 44. Rc2 Ra4 45. Nb8+ Kd8 46. Rc6
a5 47. Rd6+ Kc7 48. Na6+ Kc8 49. Rb6 b4 50. Rb8+ 1-0

[Event "ICS rated blitz match"]
[Site "204.178.125.65"]
[Date "1999.12.21"]
[Round "?"]
[White "Rabbit-Basher"]
[Black "Hossa"]
[Result "0-1"]
[WhiteElo "2126"]
[BlackElo "2426"]
[PlyCount "44"]

1. e4 c5 2. Nc3 Nc6 3. f4 g6 4. Nf3 Bg7 5. Bc4 e6 6. f5 gxf5 7. d3 Bxc3+ 8.
bxc3 Qa5 9. O-O b5 10. Bd5 exd5 11. exd5 Nce7 12. d6 Ng6 13. Qe2+ Kf8 14. c4
bxc4 15. dxc4 Rb8 16. Bd2 Qa6 17. Bc3 f6 18. Rad1 Bb7 19. Ng5 Re8 20. Qh5 Kg7
21. Rxf5 Qxc4 22. Ba1 Re2 0-1

[Event "ICS rated blitz match"]
[Site "204.178.125.65"]
[Date "1999.12.21"]
[Round "?"]
[White "Hossa"]
[Black "Rabbit-Basher"]
[Result "0-1"]
[WhiteElo "2431"]
[BlackElo "2121"]
[PlyCount "128"]

1. e4 c5 2. Nf3 d6 3. d4 cxd4 4. Nxd4 Nf6 5. Nc3 Nc6 6. Be3 e6 7. Bb5 Bd7 8.
Ba4 a6 9. Qd3 Ne5 10. Bxd7+ Nfxd7 11. Qe2 Qc7 12. O-O Be7 13. Rfd1 O-O 14. Rab1
Rac8 15. Bf4 Rfe8 16. f3 b5 17. a3 Nc4 18. Bd2 Nxd2 19. Qxd2 Nb6 20. Qd3 Red8
21. a4 b4 22. Nce2 a5 23. Ra1 d5 24. exd5 Rxd5 25. Qe4 Rcd8 26. Rd3 Bf6 27. c3
bxc3 28. bxc3 Qc4 29. f4 Nxa4 30. Qe3 Nc5 31. Rd2 a4 32. g3 g6 33. Rad1 Nb3 34.
Nxb3 axb3 35. Rxd5 Rxd5 36. Rxd5 exd5 37. Qd2 Qb5 38. Qb2 Qd3 39. f5 Qc2 40.
Qxc2 bxc2 41. Kf2 Bxc3 42. Ke3 Bb2 43. Kd2 c1=Q+ 44. Nxc1 Bxc1+ 45. Kxc1 Kg7
46. Kc2 Kf6 47. fxg6 fxg6 48. Kd3 Ke5 49. Ke3 d4+ 50. Kd3 Kd5 51. h3 h5 52. Ke2
Ke4 53. Kf2 d3 54. Ke1 Ke3 55. Kd1 d2 56. Kc2 Ke2 57. Kc3 d1=Q 58. Kc4 Qd6 59.
h4 Ke3 60. Kc3 Qc5+ 61. Kb2 Kd3 62. Kb3 Qb5+ 63. Ka3 Kc3 64. g4 Qb3# 0-1

[Event "ICS rated blitz match"]
[Site "204.178.125.65"]
[Date "1999.12.21"]
[Round "?"]
[White "Hossa"]
[Black "Sonics"]
[Result "1-0"]
[WhiteElo "2404"]
[BlackElo "2246"]
[PlyCount "43"]

1. e4 e5 2. Nf3 Nc6 3. Bb5 a6 4. Ba4 Nf6 5. O-O Be7 6. Re1 b5 7. Bb3 O-O 8. a4
Bb7 9. d3 d6 10. Bd2 h6 11. axb5 axb5 12. Nc3 b4 13. Nd5 Nd4 14. Nxd4 exd4 15.
Rxa8 Bxa8 16. Bxb4 Nxd5 17. exd5 Bf6 18. Qa1 Bb7 19. Qa5 Re8 20. Rxe8+ Qxe8 21.
Qxc7 Qe2 22. g3 1-0

[Event "ICS Rated blitz match"]
[Site "204.178.125.65"]
[Date "1999.12.21"]
[Round "?"]
[White "Pepiton"]
[Black "Hossa"]
[Result "0-1"]
[WhiteElo "2193"]
[BlackElo "2408"]
[PlyCount "54"]

1. d4 Nf6 2. c4 g6 3. Nc3 Bg7 4. e4 d6 5. f4 O-O 6. Bd3 c5 7. d5 e6 8. Nge2
exd5 9. cxd5 Re8 10. O-O c4 11. Bc2 Qb6+ 12. Kh1 Nbd7 13. a4 Ng4 14. Qe1 Ne3
15. Bxe3 Qxe3 16. Rf3 Qb6 17. Qc1 Nc5 18. a5 Qb4 19. h3 f5 20. exf5 Bxf5 21.
Bxf5 gxf5 22. Qc2 Nd3 23. b3 Rxe2 24. Qxe2 Qxb3 25. Rb1 Qxc3 26. Rg3 Nxf4 27.
Qe7 Qxg3 0-1

[Event "ICS Rated standard match"]
[Site "204.178.125.65"]
[Date "1999.12.21"]
[Round "?"]
[White "Hossa"]
[Black "robbok1"]
[Result "0-1"]
[WhiteElo "2261"]
[BlackElo "2458"]
[PlyCount "146"]

1. e4 c5 2. Nf3 Nc6 3. d4 cxd4 4. Nxd4 e5 5. Nb5 d6 6. Bg5 Qxg5 7. Nc7+ Kd8 8.
Nxa8 Be6 9. h4 Qg6 10. Nc3 h5 11. Qf3 Nf6 12. Bd3 Nd4 13. Qg3 Qxg3 14. fxg3 Kc8
15. O-O-O Kb8 16. Nb6 axb6 17. Rhe1 Be7 18. Kd2 Rc8 19. a3 g5 20. a4 Ng4 21.
Rb1 gxh4 22. gxh4 Nf2 23. Rf1 Bxh4 24. Rg1 Bg5+ 25. Ke1 Be3 26. Rf1 Nxd3+ 27.
cxd3 Rg8 28. Rh1 Bb3 29. Rh2 Bc2 30. Ra1 Bxd3 31. Kd1 Nf3 32. Nd5 Nxh2 33. Nxe3
Bxe4 34. Ke2 Bxg2 35. Nc4 Kc7 36. Rc1 Bf3+ 37. Kd3 Bc6 38. Ne3 Rg3 39. Ke2 Kd7
40. b4 Bxa4 41. Nd5 Rg2+ 42. Kd3 Bb5+ 43. Kc3 f5 44. Nxb6+ Ke6 45. Na8 Rg3+ 46.
Kb2 Bc6 47. b5 Be4 48. Rc8 Rg2+ 49. Ka3 Ng4 50. b6 f4 51. Rh8 Nf6 52. Nc7+ Kf5
53. Nb5 Rd2 54. Rd8 Ke6 55. Nc3 Bg2 56. Rf8 h4 57. Nb5 h3 58. Rh8 Kf5 59. Nc7
Kg4 60. Rh6 Nh5 61. Ne8 Kg5 62. Rh8 h2 63. Ng7 h1=Q 64. Rxh5+ Qxh5 65. Nxh5
Kxh5 66. Kb3 e4 67. Kb4 e3 68. Kc3 Bc6 69. Kb4 e2 70. Kc3 e1=Q 71. Kb3 Qe3+ 72.
Kb4 Rd4+ 73. Ka5 Qa3# 0-1